Odpadové hospodárstvo ako súčasť cirkulárnej ekonomiky v krajinách V4

Cirkulárna ekonomika (CE) predstavuje kľúčový prístup k udržateľnému rozvoju, obzvlášť v kontexte rastúcej produkcie odpadu a narastajúceho tlaku na prírodné zdroje. Príspevok analyzuje vývoj odpadového hospodárstva v krajinách V4 (Slovensko, Česko, Maďarsko, Poľsko) v období rokov 2012–2022, a t...

Ausführliche Beschreibung

Gespeichert in:
Bibliographische Detailangaben
1. Verfasser: Pallérová, Diana, 1999-
Weitere Verfasser: Rybárová, Daniela, 1967-
Format: Buchkapitel
Sprache:Slowakisch
Schlagworte:
Tags: Tag hinzufügen
Keine Tags, Fügen Sie das erste Tag hinzu!

MARC

LEADER 00000naa$a2200000$$$4500
001 0311311
005 20250626092642.4
041 0 |a slo 
044 |a SK 
245 1 0 |a Odpadové hospodárstvo ako súčasť cirkulárnej ekonomiky v krajinách V4  |c Diana Pallérová, Daniela Rybárová 
520 |a Cirkulárna ekonomika (CE) predstavuje kľúčový prístup k udržateľnému rozvoju, obzvlášť v kontexte rastúcej produkcie odpadu a narastajúceho tlaku na prírodné zdroje. Príspevok analyzuje vývoj odpadového hospodárstva v krajinách V4 (Slovensko, Česko, Maďarsko, Poľsko) v období rokov 2012–2022, a to prostredníctvom komparačnej analýzy produkcie odpadu v sektoroch jednotlivých krajín v porovnaní s priemerom EÚ. Zároveň skúma koreláciu a jej smer medzi celkovou produkciou odpadu a vybranými ekonomickými a environmentálnymi ukazovateľmi. 
610 2 0 |a hospodárstvo obehové 
610 2 0 |a ekonomika ekologická 
610 2 0 |a recyklácia odpadu 
610 2 0 |a Vyšehradská štvorka 
100 1 |a Pallérová, Diana, 1999- 
700 1 |a Rybárová, Daniela, 1967-